Les pays ayant le moins de sièges au parlement européen - Statistiques

Statistiques générales
  • Ce quiz a été pris 943 fois
  • Le résultat moyen est 8 sur 12
Statistiques - réponses
Sièges Pays % Correct
6 Luxembourg
84%
7 Estonie
82%
9 Lettonie
82%
11 Lituanie
81%
9 Slovénie
77%
15 Slovaquie
73%
12 Croatie
72%
6 Malte
67%
14 Irlande
61%
15 Danemark
57%
15 Finlande
57%
6 Chypre
56%
Aucun quiz correspondant
Distribution des résultats
% des personnes avec chaque résultat
Percentile par nombre de réponses
Votre historique - résultats
Vous n’avez pas pris ce quiz